000 00704nam a2200253Ia 4500
008 191130s2002##################000#0#eng##
020 _a9780415939836
022 _a2002020621
040 _aACL
_cACL
082 _a340.112 WEL.1
245 _aRights and duties
_cedited with introductions by Carl Wellman
260 _aNew York ; London
_bRoutledge
_c2002
300 _a6 v. ; 24 cm
500 _aIncludes bibliographical references
650 _aDuty
650 _aLaw and ethics
650 _aNatural law
650 _aNatural obligations
650 _aObedience (Law)
700 _aWellman, Carl
990 _a6e515de0ac10000c3c81f064216da902
991 _a311673
999 _c286865
_d286865